Wave propagation in elastic solids /
Guardado en:
| Autor Principal: | |
|---|---|
| Formato: | Libro |
| Idioma: | English |
| Publicado: |
Amsterdam : New York :
North-Holland ; American Elsevier,
1973.
|
| Series: | North-Holland series in applied mathematics and mechanics ;
v. 16 |
| Materias: | |
| Etiquetas: |
Agregar Etiqueta
Sin Etiquetas, Sea el primero en etiquetar este registro!
|
| LEADER | 00762nam a2200217 a 4500 | ||
|---|---|---|---|
| 001 | MAT.inmabb005824 | ||
| 008 | 731123s1973####ne#######b####001#0#eng## | ||
| 005 | 20170523114359.0 | ||
| 245 | 1 | 0 | |a Wave propagation in elastic solids / |c by J. D. Achenbach. |
| 260 | |a Amsterdam : |b North-Holland ; |a New York : |b American Elsevier, |c 1973. | ||
| 300 | |a xiv, 425 p. ; |c 23 cm. | ||
| 490 | 0 | |a North-Holland series in applied mathematics and mechanics ; |v v. 16 | |
| 504 | |a Incluye referencias bibliográficas. | ||
| 020 | |a 0444104658 (American Elsevier) | ||
| 100 | 1 | |a Achenbach, J. D. | |
| 650 | 0 | |a Elastic solids. | |
| 650 | 0 | |a Wave-motion, Theory of. | |
| 084 | |a 74-xx |2 msc2000 | ||
| 010 | |a 72079720 | ||
| 040 | |a DLC |c DLC |d DLC | ||
| 859 | |h 74 |i Ac177 |p A-4874 |b BIB. MATEMATICA | ||
